La contabilización del impuesto a las ganancias (Registro nro. 16809)
[ vista simple ]
| 000 -LEADER | |
|---|---|
| fixed length control field | 00361 a2200109 4500 |
| 001 - CONTROL NUMBER | |
| control field | ART_6795 |
| 005 - DATE AND TIME OF LATEST TRANSACTION | |
| control field | 20260410161719.0 |
| 008 - FIXED-LENGTH DATA ELEMENTS--GENERAL INFORMATION | |
| fixed length control field | 260409a |
| 100 1# - MAIN ENTRY--PERSONAL NAME | |
| Personal name | Rodríguez de Ramírez, María del Carmen |
| 245 10 - TITLE STATEMENT | |
| Title | La contabilización del impuesto a las ganancias |
| 773 0# - HOST ITEM ENTRY | |
| Title | Contabilidad y auditoría |
| Related parts | - Año 3, Nº 6 (oct. 1997) |
| Record control number | REV1723 |
No hay ítems disponibles.